Revista Universitaria : (Record no. 21764)

000 -CABECERA
fixed length control field 01684nam a22003017a 4500
003 - IDENTIFICADOR DEL NÚMERO DE CONTROL
control field AR-CdUCM
008 - DATOS DE LONGITUD FIJA--INFORMACIÓN GENERAL
fixed length control field 190425b ||||| |||| 00| 0 spa d
040 ## - FUENTE DE LA CATALOGACIÓN
Agencia/entidad que catalogó originalmente la obra MUNICIPALIDAD PROVINCIAL DEL CUSCO
Entidad que transcribió la catalogación BIBLIOTECA MUNICIPAL DEL CUSCO
082 ## - NÚMERO DE LA CLASIFICACIÓN DECIMAL DEWEY
No. de Clasificación Rev.Univ/N°110/1956
110 ## - ENTRADA PRINCIPAL--NOMBRE DE ENTIDAD CORPORATIVA
Nombre de la institución, jurisdicción como entrada principal Universidad Nacional de San Antonio Abad del Cusco
9 (RLIN) 15942
245 ## - MENCIÓN DE TÍTULO
Título Revista Universitaria :
Resto del título Órgano de la Universidad del Cuzco /
260 ## - PUBLICACIÓN, DISTRIBUCIÓN, ETC.
Lugar de publicación, distribución, etc. Cusco :
Nombre de la editorial, distribuidor, etc. H.G. Rozas,
Fecha de publicación, distribución, etc. 1956.
300 ## - DESCRIPCIÓN FÍSICA
Nº de Páginas Extensión 404 páginas. :
Dimensiones 20 cm.
440 ## - MENCIÓN DE SERIE/PUNTO DE ACCESO ADICIONAL--TÍTULO
Título Revista Universitaria
Número de la parte/sección de una obra Año XLV, 1° semestre 1956, N°110.
9 (RLIN) 46006
505 ## - NOTA DE CONTENIDO CON FORMATO
Nota de contenido formateada Contenido: Significado de la educación en la vida del pueblo peruano. Antonio Astete Abrill. -- Saludo al Cuzco. Luis Felipe Paredes. -- Qusqu Napaycuy. Andrés Alencastre. -- Derrotero para una ubicación de la poesía cuzqueña contemporánea. Luis Nieto. -- La jura de la constitución de 1812 en Cajamarca. Horacio Villanueva Urteaga. -- Homenaje al Dr. Francisco Sivirichi. -- Dos notas bibliografía y necrología. Luis Felipe Paredes. -- Exposición del libro del catedrático cusqueño. Colección de autores cuzqueños. Narciso Arestegui. El Padre Horán escenas de la vida cuzqueña. tomo III.
650 ## - PUNTO DE ACCESO ADICIONAL DE MATERIA--TÉRMINO DE MATERIA
Descriptor Educación peruana
9 (RLIN) 3585
650 ## - PUNTO DE ACCESO ADICIONAL DE MATERIA--TÉRMINO DE MATERIA
Descriptor Poesía cusqueña
9 (RLIN) 2323
650 ## - PUNTO DE ACCESO ADICIONAL DE MATERIA--TÉRMINO DE MATERIA
Descriptor Constitución 1812
9 (RLIN) 46007
650 ## - PUNTO DE ACCESO ADICIONAL DE MATERIA--TÉRMINO DE MATERIA
Descriptor Francisco Sivirichi
9 (RLIN) 46008
650 ## - PUNTO DE ACCESO ADICIONAL DE MATERIA--TÉRMINO DE MATERIA
Descriptor Narciso Arestegui
9 (RLIN) 45998
700 ## - PUNTO DE ACCESO ADICIONAL--NOMBRE DE PERSONA
Nombre Personal Paredes, Luis Felipe
9 (RLIN) 16077
700 ## - PUNTO DE ACCESO ADICIONAL--NOMBRE DE PERSONA
Nombre Personal Astete Abrill, Antonio
9 (RLIN) 32447
700 ## - PUNTO DE ACCESO ADICIONAL--NOMBRE DE PERSONA
Nombre Personal NIeto, Luis
9 (RLIN) 11864
700 ## - PUNTO DE ACCESO ADICIONAL--NOMBRE DE PERSONA
Nombre Personal Paredes, Luis Felipe
9 (RLIN) 16077
710 ## - PUNTO DE ACCESO ADICIONAL--NOMBRE DE ENTIDAD CORPORATIVA
Nombre corporativo (En letras Mayúsculas) Universidad Nacional de San Antonio Abad del Cusco
9 (RLIN) 15942
942 ## - ELEMENTOS DE PUNTO DE ACCESO ADICIONAL (KOHA)
Fuente de clasificación
Tipo de item Revistas cusqueñas
945 ## - PROCESAMIENTO DE INFORMACIÓN LOCAL (OCLC)
Catalogador rac
Holdings
Estado de retiro (separado) Fuente de clasificación o esquema de estanterías Estado dañado Ubicación Sala donde se ubica Nombre de la colección Fecha de adquisición o compra Costo, precio normal en soles Signatura topográfica Código de Barras Última vez visto (Koha) Tipo de ítem (Koha)
No     Sala Hemeroteca Sala Hemeroteca Book Cart 2021-07-12 10.00 Rev.Univ/N°110/1956 REVC000155 2021-07-12 Revistas cusqueñas
No     Sala Hemeroteca Sala Hemeroteca Book Cart 2021-07-12 10.00 Rev.Univ/N°110/1956/e.2 REVC000156 2021-07-12 Revistas cusqueñas
No     Sala Hemeroteca Sala Hemeroteca Book Cart 2021-07-12 10.00 Rev.Univ/N°110/1956/e.3 REVC000157 2021-07-12 Revistas cusqueñas
No     Sala Hemeroteca Sala Hemeroteca Book Cart 2021-07-12 10.00 Rev.Univ/N°110/1956/e.4 REVC000158 2021-07-12 Revistas cusqueñas

Powered by Koha